00445nam a22001577a 450000500170000001000140001702000260003103500170005703700130007408200060008710000190009324500570011226000290016927000680019830000210026620180327110318.0 a1718EN-30 a9780670089635c599.00 aB-683413-424 bBSBadpl aN aRoy, Arundhti  aThe ministry of utmost happiness / cby Arundhti Roy aGurgaon bPenguin c2017 a7th Floor, Infinity Tower C, DLF Cyber City, bGurgaon e122002 a445p.c21cm(Hb)